| 000 | 01274nam a22002897a 4500 | ||
|---|---|---|---|
| 003 | OSt | ||
| 005 | 20201028131533.0 | ||
| 008 | 201028s1999 sp a|||br|||| 00| 0 spa d | ||
| 020 | _a8440690223 | ||
| 040 |
_aCO-JMCR _cCO-JMCR |
||
| 041 | 1 |
_aspa _heng |
|
| 082 | 0 | 4 |
_aC / _bREDc _223 |
| 100 | 1 |
_aRedfield, James, _eautor _912101 |
|
| 245 | 1 | 3 |
_aLa canción de celestina : _bla novena revelación para niños / _cJames Redfield y Dee Lillegard ; ilustraciones de Dean Morrissey ; traducción, Marcé Diago y Ábel Debritto |
| 250 | _a1ª. edición. | ||
| 260 |
_aBarcelona ; _aBogotá : _bEdiciones B, _c1999. |
||
| 300 |
_a[45] páginas : _bilustraciones a color ; _c31 cm. |
||
| 520 | 0 | _aHabía una vez un inquieto niño llamado Celestino que estaba solo en el mundo y no se sentía amado. Un día fue al bosque y encontró un sendero... Quiso seguirlo, pero perdió en camino. | |
| 650 | 2 | 4 |
_aLiteratura infantil _xCuentos _912102 |
| 650 | 2 | 4 |
_aVida espiritual _xficción juvenil _912103 |
| 650 | 2 | 4 |
_aConducta de la vida _xficción _912104 |
| 700 | 1 |
_aLillegard, Dee, _eautor _912105 |
|
| 700 | 1 |
_aMorrissey, Dean, _eilustrador _912106 |
|
| 700 | 1 |
_aDiago, Marcé, _etraductora _912107 |
|
| 700 | 1 |
_aDebritto, Ábel, _etraductor _912108 |
|
| 942 |
_2ddc _cBK |
||
| 999 |
_c6992 _d6992 |
||